Calcul mental - Quiz Ultime partie 1 - Statistiques

Statistiques générales
  • Ce quiz a été pris 63 fois
  • Le résultat moyen est 20 sur 40
Statistiques - réponses
Hint Réponse % Correct
5+7 12
100%
6+7 13
100%
8+9 17
100%
6+9+8 23
100%
7+8 15
98%
6x7 42
96%
7x7 49
96%
8x5 40
95%
8x9 72
95%
12x11 132
91%
77x11 847
82%
92x11 1012
75%
683x2 1366
64%
866x2 1732
64%
146x5 730
45%
798x11 8778
45%
378x11 4158
44%
102x103 10506
40%
25² 625
40%
23x45 1035
38%
103x104 10712
38%
946x11 10406
35%
2321x11 25531
35%
218:5 43,6
31%
81x35 2835
25%
23² 529
25%
45² 2025
24%
12% de 44 5,28
24%
61x89 5429
24%
93764x11 1031404
22%
442:25 17,68
22%
49² 2401
22%
57x91 5187
22%
89x69 6141
22%
52² 2704
20%
75² 5625
20%
68² 4624
16%
93x76 7068
16%
28% de 78 21,84
15%
554x25 13850
13%
Aucun quiz correspondant
Distribution des résultats
% des personnes avec chaque résultat
Percentile par nombre de réponses
Votre historique - résultats
Vous n’avez pas pris ce quiz